[Event "European Youth Chess Championship G18"]
[Site "Prague, Top Hotel Prague"]
[Date "2012.08.18"]
[Round "2.20"]
[White "Tran, My Linh"]
[Black "Bacic, Kristina"]
[Result "1-0"]
[WhiteElo "2031"]
[BlackElo "1801"]
[PlyCount "109"]
[EventDate "2012.08.17"]

1. e4 c6 2. d4 d5 3. Nc3 dxe4 4. Nxe4 Bf5 5. Ng3 Bg6 6. Nf3 Nd7 7. Be2 e6 8.
O-O Ngf6 9. b3 Be7 10. Bb2 O-O 11. Nh4 a5 12. Nxg6 hxg6 13. c4 Qb6 14. Bf3 Rfd8
15. Qc2 a4 16. Ne2 a3 17. Bc3 Bb4 18. Rad1 Rac8 19. Ba1 Qa5 20. Nc1 b5 21. Nd3
c5 22. dxc5 Bxc5 23. Nxc5 Nxc5 24. Rxd8+ Rxd8 25. cxb5 Qxb5 26. Be2 Qb6 27. Qc1
Nce4 28. Bf3 Nd2 29. Rd1 Nxf3+ 30. gxf3 Rxd1+ 31. Qxd1 Nd5 32. Qd4 Qxd4 33.
Bxd4 Nb4 34. Bc5 Nxa2 35. Bxa3 f5 36. Bc5 Nc1 37. b4 Nd3 38. Bd6 Kf7 39. b5 Ne1
40. f4 Nf3+ 41. Kg2 Nd4 42. b6 Nc6 43. b7 g5 44. fxg5 Kg6 45. f4 Kh5 46. b8=Q
Nxb8 47. Bxb8 Kg4 48. Be5 g6 49. Bc7 Kh4 50. h3 e5 51. fxe5 Kxg5 52. Bd8+ Kh6
53. Kg3 Kg7 54. e6 Kf8 55. Bg5 1-0

[Event "European Youth Chess Championship G18"]
[Site "Prague, Top Hotel Prague"]
[Date "2012.08.18"]
[Round "2.21"]
[White "Urbonaviciute, Zivile"]
[Black "Dalemans, Diana"]
[Result "0-1"]
[WhiteElo "1763"]
[BlackElo "1958"]
[PlyCount "86"]
[EventDate "2012.08.17"]

1. e4 c5 2. Nf3 d6 3. d4 cxd4 4. Nxd4 Nf6 5. Nc3 g6 6. Be2 Bg7 7. Be3 Nc6 8.
O-O O-O 9. Qd2 Ng4 10. Bxg4 Bxg4 11. h3 Bd7 12. Rfe1 Rc8 13. Nxc6 bxc6 14. Bd4
Qc7 15. Ne2 e5 16. Be3 f5 17. exf5 gxf5 18. Bg5 d5 19. Ng3 f4 20. Nh5 Rf5 21.
h4 Bh8 22. g4 Rf7 23. Kh2 Qd6 24. Rg1 h6 25. Nf6+ Bxf6 26. Bxf6 Qxf6 27. g5 Qf5
28. gxh6+ Kh7 29. Qc3 Qh5 30. Rg2 Qxh4+ 31. Kg1 f3 32. Rg3 Rg8 33. Rxg8 Kxg8
34. Qxe5 Qg4+ 35. Kf1 Qg2+ 36. Ke1 Qg1+ 37. Kd2 Qxa1 38. Qh5 Bf5 39. h7+ Bxh7
40. Qg5+ Kf8 41. Qd8+ Kg7 42. Qg5+ Bg6 43. Qe5+ Kg8 0-1

[Event "European Youth Chess Championship G18"]
[Site "Prague, Top Hotel Prague"]
[Date "2012.08.18"]
[Round "2.22"]
[White "Vatkali, Dimitra"]
[Black "Kane, Marta"]
[Result "1/2-1/2"]
[WhiteElo "1936"]
[BlackElo "1787"]
[PlyCount "156"]
[EventDate "2012.08.17"]

1. e4 c5 2. Nf3 e6 3. c4 a6 4. Nc3 Qc7 5. Be2 Nc6 6. O-O Nf6 7. a3 Be7 8. d4
cxd4 9. Nxd4 h6 10. Be3 O-O 11. Qb3 d6 12. Nc2 Nd7 13. Rfd1 Na5 14. Qa2 Ne5 15.
b3 b5 16. f4 Nd7 17. Nd4 bxc4 18. b4 Nb3 19. Nxb3 cxb3 20. Qxb3 Bb7 21. Rac1
Qd8 22. Bf3 Nb6 23. Na4 Nxa4 24. Qxa4 Rc8 25. Rxc8 Qxc8 26. Rc1 Qa8 27. Qd7 Bf6
28. Qxd6 Bxe4 29. Bxe4 Qxe4 30. Kf2 Bb2 31. Re1 Qb7 32. Bc5 Rc8 33. Qd3 Bf6 34.
Rd1 Rd8 35. Qe2 Rxd1 36. Qxd1 Qe4 37. Be3 Qc4 38. Qc1 Qd3 39. Qc8+ Kh7 40. Qc1
g6 41. Bc5 Kg7 42. Qe3 Qc2+ 43. Qe2 Qa4 44. Qd3 Qc6 45. Qd6 Qc8 46. a4 Qa8 47.
Kg3 h5 48. Bd4 Qe4 49. Bxf6+ Kxf6 50. Qd8+ Kg7 51. Qd2 Qc4 52. Kf2 Kh7 53. g3
Qb3 54. a5 Qc4 55. Ke3 Qc6 56. Qd3 f6 57. Kd4 Qd5+ 58. Kc3 Qc6+ 59. Qc4 Qf3+
60. Kb2 Qf2+ 61. Qc2 Qf1 62. h4 Qb5 63. Kb3 Qd5+ 64. Qc4 Qd1+ 65. Qc2 Qd5+ 66.
Ka4 Kh6 67. Qb3 Qb5+ 68. Ka3 Qc6 69. Qe3 Kg7 70. Qa7+ Kh6 71. Qe3 Kg7 72. Kb2
Qg2+ 73. Kc3 Qc6+ 74. Kd4 Qd5+ 75. Kc3 Qc6+ 76. Kb2 Qg2+ 77. Kc1 Qc6+ 78. Kb2
Qg2+ 1/2-1/2

[Event "European Youth Chess Championship G18"]
[Site "Prague, Top Hotel Prague"]
[Date "2012.08.18"]
[Round "2.23"]
[White "Machlik, Edit"]
[Black "Balzano, Filli"]
[Result "1/2-1/2"]
[WhiteElo "1740"]
[BlackElo "1916"]
[PlyCount "81"]
[EventDate "2012.08.17"]

1. e4 c6 2. d4 d5 3. e5 Bf5 4. Nf3 e6 5. Be2 c5 6. Be3 Qb6 7. b3 Nc6 8. O-O Nb4
9. Na3 Qa5 10. Qc1 a6 11. Rd1 Rc8 12. c4 cxd4 13. Nxd4 Bg6 14. Bd2 Qb6 15. Be3
Qa5 16. Bd2 Qd8 17. Qb2 Bc5 18. cxd5 Nxd5 19. Rac1 Nge7 20. Nc4 b5 21. Ne3 O-O
22. b4 Ba7 23. Rxc8 Qxc8 24. Rc1 Qb7 25. Bf3 Rd8 26. Nxd5 Nxd5 27. Nc6 Re8 28.
Bxd5 exd5 29. Nxa7 Qxa7 30. Be3 Qb7 31. Qc3 Bf5 32. Bd4 Rc8 33. Bc5 h6 34. Qd4
Be6 35. Rd1 Qc6 36. Qh4 Qc7 37. Qg3 Qc6 38. Qh4 Qc7 39. Qg3 Qc6 40. Qh4 Qc7 41.
Qg3 1/2-1/2

[Event "European Youth Chess Championship G18"]
[Site "Prague, Top Hotel Prague"]
[Date "2012.08.18"]
[Round "2.24"]
[White "Kaliadzich, Maryia"]
[Black "Saffova, Michaela"]
[Result "1-0"]
[WhiteElo "1915"]
[BlackElo "1756"]
[PlyCount "89"]
[EventDate "2012.08.17"]

1. e4 e6 2. d3 d5 3. Nd2 c5 4. g3 Nc6 5. Bg2 Be7 6. Ngf3 Nf6 7. O-O O-O 8. Re1
h6 9. e5 Nd7 10. Nf1 Qc7 11. Qe2 b6 12. h4 Bb7 13. Bf4 Rfe8 14. N1h2 Bf8 15.
Ng4 Ne7 16. c3 Ng6 17. Bd2 f5 18. exf6 Nxf6 19. Nxf6+ gxf6 20. h5 Nh8 21. Nh2
Qg7 22. Ng4 Nf7 23. c4 Rad8 24. cxd5 Bxd5 25. Bc3 e5 26. Bxd5 Rxd5 27. Ne3 Rdd8
28. Nf5 Qg5 29. g4 Qf4 30. Bd2 Qa4 31. Bc3 Qf4 32. a4 Ng5 33. Kg2 e4 34. Bxf6
Rxd3 35. Bxg5 Qxg5 36. Rad1 Rxd1 37. Rxd1 Qf6 38. Rd7 a5 39. Qc4+ Qe6 40. Qxe6+
Rxe6 41. b3 Rf6 42. Kg3 Rc6 43. Kf4 Re6 44. g5 hxg5+ 45. Kxg5 1-0

[Event "European Youth Chess Championship G18"]
[Site "Prague, Top Hotel Prague"]
[Date "2012.08.18"]
[Round "2.25"]
[White "Milicevic, Dajana"]
[Black "Koselova, Zuzana"]
[Result "1-0"]
[WhiteElo "1684"]
[BlackElo "1912"]
[PlyCount "133"]
[EventDate "2012.08.17"]

1. e4 e5 2. Nf3 Nc6 3. Bc4 Bc5 4. d3 d6 5. h3 h6 6. c3 Bb6 7. Nbd2 Nf6 8. O-O
O-O 9. Bb3 a6 10. Re1 Ne7 11. Nf1 Ng6 12. Ng3 Re8 13. Bc2 Be6 14. d4 Qc8 15.
Nf5 exd4 16. N3xd4 Bxf5 17. Nxf5 Ne7 18. Nxe7+ Rxe7 19. Qf3 Qe8 20. Bxh6 d5 21.
Qg3 Nh5 22. Qg4 Re5 23. Bg5 f5 24. Qh4 fxe4 25. Bd1 Qg6 26. Qxh5 Qxg5 27. Qxg5
Rxg5 28. Bg4 Rf8 29. Re2 Rg6 30. Rd1 Rgf6 31. Rxd5 Bxf2+ 32. Kh2 e3 33. Bf3 Kh7
34. Rh5+ Kg6 35. Rc5 c6 36. Bh5+ Kh6 37. Bf3 Rd6 38. Rh5+ Kg6 39. Re5 Rfd8 40.
g4 Rd1 41. Be4+ Kf7 42. Rf5+ Ke6 43. Bc2 Bg1+ 44. Kg2 R1d2 45. Bb3+ Ke7 46.
Rxd2 exd2 47. Kxg1 d1=Q+ 48. Bxd1 Rxd1+ 49. Kg2 g6 50. Rf2 Ke6 51. h4 Rd5 52.
Kg3 Rd7 53. Re2+ Kf7 54. Kf4 Kg7 55. g5 Rf7+ 56. Kg4 Rd7 57. h5 gxh5+ 58. Kxh5
Kg8 59. Re8+ Kf7 60. Re2 Rd1 61. g6+ Kg7 62. Re7+ Kg8 63. Rxb7 Rd2 64. Kg5 a5
65. Kf6 Rf2+ 66. Ke5 Rg2 67. g7 1-0

[Event "European Youth Chess Championship G18"]
[Site "Prague, Top Hotel Prague"]
[Date "2012.08.18"]
[Round "2.26"]
[White "Zpevakova, Jana"]
[Black "Sanal, Suna"]
[Result "1/2-1/2"]
[WhiteElo "1901"]
[BlackElo "1744"]
[PlyCount "123"]
[EventDate "2012.08.17"]

1. d4 d5 2. c4 e6 3. Nc3 Nf6 4. Bg5 Nbd7 5. Nf3 Be7 6. e3 O-O 7. Be2 c6 8. O-O
b6 9. Rc1 Bb7 10. Nd2 Rc8 11. cxd5 exd5 12. Bf3 Re8 13. Re1 Nf8 14. Nf1 Ne6 15.
Bh4 Qd7 16. h3 Red8 17. Nh2 c5 18. Bg3 c4 19. Ng4 Nxg4 20. Bxg4 a6 21. f4 Bf6
22. Rf1 b5 23. Qe1 Qe7 24. Kh2 Bc6 25. a3 a5 26. Na2 Ra8 27. Qd2 Qb7 28. h4 Qe7
29. h5 h6 30. Bf5 Nf8 31. Bb1 Re8 32. Rce1 Qd7 33. Qd1 Qe7 34. Qd2 Qd7 35. Bc2
Be7 36. Rh1 Bd6 37. Kg1 Qe7 38. Bh4 f6 39. Bd1 b4 40. axb4 axb4 41. Nc1 b3 42.
Qf2 Bb4 43. Kh2 Bxe1 44. Rxe1 Ra1 45. Qd2 Qa7 46. Ne2 Ne6 47. Nc3 Nc7 48. Bf3
Rxe1 49. Bxe1 Qa1 50. g4 Rf8 51. f5 Re8 52. Bg3 Qa5 53. Qc1 Re7 54. Kg2 Na6 55.
Be2 Nb4 56. Bd6 Re8 57. Bxb4 Qxb4 58. Bf3 Qd6 59. Qd2 Kh8 60. Qc1 Qe7 61. Kf2
Qd6 62. Kg2 1/2-1/2

[Event "European Youth Chess Championship G18"]
[Site "Prague, Top Hotel Prague"]
[Date "2012.08.18"]
[Round "2.28"]
[White "Kuk, Nika"]
[Black "Mabille, Natacha"]
[Result "0-1"]
[WhiteElo "1557"]
[BlackElo "1853"]
[PlyCount "102"]
[EventDate "2012.08.17"]

1. e4 e5 2. Nf3 Nc6 3. d4 exd4 4. Nxd4 Nf6 5. Nxc6 bxc6 6. Bd3 d6 7. O-O Be7 8.
Nc3 O-O 9. Re1 Ng4 10. Be2 Ne5 11. Be3 a5 12. f4 Ng6 13. Bf3 Rb8 14. Rb1 Bf6
15. Qd2 Ba6 16. g3 Qe7 17. b3 Rfd8 18. Na4 Bb5 19. Nb2 Bxb2 20. Rxb2 a4 21. c4
Ba6 22. Qc3 axb3 23. axb3 c5 24. h4 Nf8 25. Bf2 Qd7 26. Rd2 Bb7 27. Bxc5 Qe7
28. Bd4 f6 29. Bf2 Ne6 30. Rde2 Qf7 31. Kg2 Kh8 32. f5 Nf8 33. g4 Nd7 34. Bd4
Ne5 35. Bxe5 dxe5 36. Rd2 Qe7 37. Red1 Rxd2+ 38. Rxd2 c5 39. Kf2 Rd8 40. Re2
Kg8 41. Ke3 Kf7 42. Rg2 Rd4 43. Qc2 h6 44. Qb1 Qd6 45. g5 hxg5 46. hxg5 fxg5
47. Rxg5 Rd2 48. Rxg7+ Kxg7 49. Qg1+ Kf8 50. Be2 Qd4+ 51. Kf3 Qxg1 0-1